Country Flags With Yellow Color - Statistics

General Stats
  • This quiz has been taken 44 times
  • The average score is 70 of 96
Answer Stats
Picture Answer % Correct
Brazil
100%
China
100%
Sweden
100%
Argentina
97%
Belgium
97%
Germany
97%
Jamaica
97%
South Africa
97%
Spain
97%
Vietnam
97%
Egypt
95%
Uruguay
95%
Bhutan
92%
Malaysia
92%
Vatican City
92%
Colombia
89%
Kazakhstan
89%
Venezuela
89%
San Marino
86%
Barbados
84%
Kosovo
84%
North Macedonia
84%
South Sudan
84%
Ukraine
81%
Cameroon
78%
Chad
78%
Ghana
78%
Portugal
78%
Tajikistan
78%
Tanzania
78%
Belize
76%
Ecuador
76%
Ethiopia
76%
Moldova
76%
Palau
76%
Papua New Guinea
76%
Romania
76%
Serbia
76%
Seychelles
76%
Democratic Republic Of The Congo
73%
Philippines
73%
Senegal
73%
Zimbabwe
73%
Armenia
70%
Eswatini
70%
Lithuania
70%
Mauritania
70%
Nicaragua
70%
Togo
70%
Andorra
68%
Bahamas
68%
Bosnia And Herzegovina
68%
Brunei
68%
Gabon
68%
Liechtenstein
68%
Myanmar
68%
Namibia
68%
Sri Lanka
68%
St. Kitts And Nevis
68%
St. Lucia
68%
Uganda
68%
Angola
65%
Antigua And Barbuda
65%
Benin
65%
Burkina Faso
65%
Comoros
65%
El Salvador
65%
Guyana
65%
Kiribati
65%
Mozambique
65%
Nauru
65%
Rwanda
65%
Suriname
65%
Bolivia
62%
Central African Republic
62%
Fiji
62%
Guinea
62%
Haiti
62%
Kyrgyzstan
62%
Dominica
59%
Eritrea
59%
Guinea-Bissau
59%
Mali
59%
Mauritius
59%
Mongolia
59%
Montenegro
59%
Republic Of The Congo
59%
Tuvalu
59%
Cape Verde
57%
East Timor
57%
Equatorial Guinea
57%
Grenada
57%
Sao Tome And Principe
57%
St. Vincent And The Grenadines
57%
Vanuatu
57%
Solomon Islands
51%
No matching quizzes found
Score Distribution
Percent of People with Each Score
Percentile by Number Answered
Your Score History
You have not taken this quiz